000 00590nam a2200217Ia 4500
005 20241129115725.0
008 241129s9999||||xx |||||||||||||| ||und||
020 _a9789381499160
037 _aTB
040 _aSDCL
_beng
_cSDCL
041 _ahin
_2hin
084 _aO15:gx R2
_qSDCL
100 _aAgarwal Sangeeta
_9537366
245 0 _aBhartiya kavyashastra tatha parampara
260 _aDelhi
_bShakti Publishers and Distributors India
_c2022
300 _a286p.
365 _aINR
_b995
650 _aSanskrit
942 _cTB
_hO15:gx R2
999 _c1231726
_d1231726